| 000 | 00942nam a22003257a 4500 | ||
|---|---|---|---|
| 001 | BR2014008136 | ||
| 003 | BR-BrBNA | ||
| 005 | 20230928104559.0 | ||
| 007 | ta | ||
| 008 | 230509b bl.||||| |||| 00| 0 por d | ||
| 020 | _a978-85-60020-09-6 | ||
| 040 |
_aBR-BrBNA _bpor _cBiblioteca Nacional de Agricultura |
||
| 041 | _a(Por) | ||
| 072 |
_aF30 _b3240 |
||
| 090 | _ 3240 BR2014008136 | ||
| 100 | 1 | _aSilva, L.D. (coord.) | |
| 100 | 1 | _aHiga, A.R. (coord.) | |
| 100 | 1 | _aSantos, G.A. dos (coord.) | |
| 245 | 1 | _aSilvicultura e melhoramento genético de Eucalyptus benthamii | |
| 260 | 3 |
_aCuritiba, PR (Brasil): _bFupef, _c2012. |
|
| 300 | _a145 p. | ||
| 500 | _aIncludes several bibliographies; 39 illus., 5 tables | ||
| 650 | _aMELHORAMENTO GENETICO VEGETAL | ||
| 650 | _aSILVICULTURA | ||
| 650 | _aINTERACAO GENETICA | ||
| 650 | _aMUTACAO | ||
| 650 | _aEUCALIPTO | ||
| 909 |
_a202309 _bLucia _c55 _dLucia Elande |
||
| 942 | _cBK | ||
| 999 |
_c80675 _d80675 |
||